[Event "Vilnius Elite op"]
[Site "Vilnius"]
[Date "2023.07.06"]
[Round "3"]
[White "Gimenez Menchon, Cesar"]
[Black "Misiuk, Martynas"]
[Result "1-0"]
[WhiteElo "2171"]
[BlackElo "1750"]
[PlyCount "49"]
[EventDate "2023.07.05"]
[EventType "swiss"]
[EventRounds "8"]
[EventCountry "LTU"]
[SourceTitle "CBM 215 Extra"]
[Source "ChessBase"]
[SourceDate "2023.09.30"]
[SourceVersion "1"]
[SourceVersionDate "2023.09.30"]
[SourceQuality "1"]

1. e4 c5 2. c3 g6 3. d4 cxd4 4. cxd4 d5 5. e5 Bg7 6. Nc3 a6 7. Be2 Nc6 8. Bf4 f6 9. Nf3 Bg4 10. 0-0 e6 11. Re1 Nge7 12. exf6 Bxf6 13. h3 Bxf3 14. Bxf3 Nxd4 15. Bg4 0-0 16. Bh6 Rf7 17. Rxe6 Nxe6 18. Bxe6 Bxc3 19. bxc3 Qb6 20. Bxf7+ Kxf7 21. Rb1 Qc6 22. Qf3+ Kg8 23. g4 Rc8 24. Qe3 Qf6 25. Bg5 1-0

[Event "ESP-chT CECLUB Div2"]
[Site "Linares"]
[Date "2022.08.25"]
[Round "5.3"]
[White "Camarena Gimenez, Rufino"]
[Black "Gimenez Menchon, Cesar"]
[Result "1-0"]
[WhiteElo "2308"]
[BlackElo "2205"]
[PlyCount "95"]
[EventDate "2022.08.22"]
[EventType "team-swiss"]
[EventRounds "7"]
[EventCountry "ESP"]
[SourceTitle "CBM 209 Extra"]
[Source "ChessBase"]
[SourceDate "2022.09.30"]
[SourceVersion "1"]
[SourceVersionDate "2022.09.30"]
[SourceQuality "1"]
[WhiteTeam "Xeraco CE"]
[BlackTeam "Grandama Santa Lucia"]
[WhiteTeamCountry "ESP"]
[BlackTeamCountry "ESP"]

1. d4 d6 2. Nf3 Nf6 3. c4 g6 4. Nc3 Nbd7 5. e4 e5 6. Be2 Bg7 7. 0-0 0-0 8. Be3 Qe7 9. Qc2 c6 10. d5 c5 11. Ne1 Kh8 12. Nd3 Ng8 13. Rae1 Bh6 14. Bxh6 Nxh6 15. Qd2 g5 16. Rb1 Rg8 17. a3 Nf8 18. b4 b6 19. bxc5 bxc5 20. Rb2 Ng6 21. Rfb1 Nf4 22. Bf1 Ng4 23. f3 Nf6 24. Nd1 h5 25. N1f2 Nd7 26. g3 Nb6 27. Ne1 Ng6 28. Ng2 Bd7 29. Ne3 Qf6 30. Bh3 Qxf3 31. Bxd7 Nxd7 32. Nf5 Nf4 33. gxf4 gxf4+ 34. Kf1 Qg2+ 35. Ke2 Nf6 36. Nxd6 Ng4 37. Qe1 Nxh2 38. Qh1 f3+ 39. Kd3 Rg3 40. Nf5 Rg5 41. Ne3 Qg3 42. Nf1 Nxf1 43. Rxf1 f5 44. exf5 Qf4 45. Ne4 Rg2 46. Rxg2 fxg2 47. Qxh5+ Kg7 48. Qg6+ 1-0

[Event "Olomouc IM1 23rd"]
[Site "Olomouc"]
[Date "2022.08.16"]
[Round "5"]
[White "Gimenez Menchon, Cesar"]
[Black "Poschadel, Andreas Gregor"]
[Result "0-1"]
[WhiteElo "2205"]
[BlackElo "2073"]
[PlyCount "94"]
[EventDate "2022.08.13"]
[EventType "tourn"]
[EventRounds "9"]
[EventCountry "CZE"]
[EventCategory "1"]
[SourceTitle "CBM 209 Extra"]
[Source "ChessBase"]
[SourceDate "2022.09.30"]
[SourceVersion "1"]
[SourceVersionDate "2022.09.30"]
[SourceQuality "1"]

1. e4 c6 2. d4 d5 3. Nd2 dxe4 4. Nxe4 Nf6 5. Nxf6+ exf6 6. c3 Bd6 7. Bd3 Na6 8. Ne2 Nc7 9. 0-0 Kf8 10. Bf4 Nd5 11. Bxd6+ Qxd6 12. Qd2 h5 13. c4 Nc7 14. Rad1 g6 15. Rfe1 Kg7 16. c5 Qd8 17. Nf4 g5 18. Ne2 h4 19. Bc2 h3 20. Ng3 Nd5 21. Ne4 hxg2 22. Nd6 Bg4 23. Be4 Nf4 24. Bxg2 Qd7 25. Re3 Rh4 26. Rde1 Be6 27. Rg3 Rah8 28. Re4 Kf8 29. a4 Rxh2 30. Rxf4 gxf4 31. Qxf4 R2h6 32. b4 Ke7 33. b5 Rh4 34. Qe3 Kf8 35. Qc3 Bd5 36. Bxd5 cxd5 37. c6 Qxd6 38. c7 Rh1+ 39. Kg2 R8h2+ 40. Kf3 Rxf2+ 41. Kxf2 Qf4+ 42. Ke2 Qe4+ 43. Qe3 Qc2+ 44. Kf3 Rf1+ 45. Kg4 Qf5+ 46. Kh4 Rh1+ 47. Rh3 Rxh3+ 0-1

[Event "Aegean op 45th"]
[Site "Aghios Kirykos"]
[Date "2022.07.12"]
[Round "4"]
[White "Gimenez Menchon, Cesar"]
[Black "Kotronias, Vasilios"]
[Result "0-1"]
[WhiteElo "2207"]
[BlackElo "2469"]
[PlyCount "128"]
[EventDate "2022.07.09"]
[EventType "swiss"]
[EventRounds "9"]
[EventCountry "GRE"]
[SourceTitle "CBM 209 Extra"]
[Source "ChessBase"]
[SourceDate "2022.09.30"]
[SourceVersion "1"]
[SourceVersionDate "2022.09.30"]
[SourceQuality "1"]

1. e4 c5 2. c3 Nf6 3. e5 Nd5 4. d4 cxd4 5. Nf3 Nc6 6. cxd4 d6 7. Bc4 Nb6 8. Bb5 dxe5 9. Nxe5 Bd7 10. Nxd7 Qxd7 11. 0-0 e6 12. Nc3 Be7 13. Qg4 0-0 14. Rd1 Rfd8 15. Bh6 g6 16. Bg5 Rac8 17. d5 exd5 18. Qxd7 Rxd7 19. Bxe7 Rxe7 20. Nxd5 Nxd5 21. Rxd5 Nb4 22. Rd2 Nxa2 23. g3 Rc1+ 24. Rxc1 Nxc1 25. Bc4 Rc7 26. b3 b5 27. Rc2 bxc4 28. Rxc1 c3 29. Rc2 Kg7 30. Kf1 Kf6 31. Ke2 Kg5 32. h3 h5 33. f4+ Kf5 34. Kf3 g5 35. g4+ hxg4+ 36. hxg4+ Kf6 37. fxg5+ Kxg5 38. Kg3 f6 39. Kf3 Rh7 40. Kg3 Rc7 41. Kf3 a6 42. Kg3 a5 43. Kf3 Rh7 44. Kg3 Rh4 45. Rxc3 Rxg4+ 46. Kf3 Rf4+ 47. Kg3 Rf5 48. Rd3 Rb5 49. Rf3 Kg6 50. Rc3 Kf5 51. Kf3 Ke5 52. Ke3 Kd5 53. Kf4 Kd4 54. Rc6 Rxb3 55. Rxf6 a4 56. Ra6 a3 57. Rc6 Rc3 58. Ra6 Kc4 59. Ke4 Rh3 60. Ra8 Kb3 61. Kd4 a2 62. Rb8+ Kc2 63. Ra8 Kb2 64. Rb8+ Rb3 0-1

[Event "Prague Summer op-A 8th"]
[Site "Prague"]
[Date "2021.08.13"]
[Round "9"]
[White "Ivanov, Mike"]
[Black "Gimenez Menchon, Cesar"]
[Result "1-0"]
[WhiteElo "2195"]
[BlackElo "2246"]
[PlyCount "59"]
[EventDate "2021.08.06"]
[EventType "swiss"]
[EventRounds "9"]
[EventCountry "CZE"]
[SourceTitle "CBM 203 Extra"]
[Source "ChessBase"]
[SourceDate "2021.09.30"]
[SourceVersion "1"]
[SourceVersionDate "2021.09.30"]
[SourceQuality "1"]

1. e4 d6 2. d4 Nf6 3. Nc3 e5 4. Nf3 Nbd7 5. g4 Nxg4 6. Rg1 Ngf6 7. Bc4 exd4 8. Qxd4 c6 9. a4 Qb6 10. Qd3 Nc5 11. Qe2 Be6 12. Bxe6 Nxe6 13. a5 Qc5 14. Ng5 h6 15. Nxe6 fxe6 16. Be3 Qh5 17. f3 Qh4+ 18. Bf2 Qxh2 19. a6 b5 20. 0-0-0 Qh5 21. Kb1 b4 22. Qc4 Kf7 23. Qxc6 Be7 24. Nb5 Rhc8 25. Nxd6+ Bxd6 26. Qxd6 Qxf3 27. Bc5 Kg8 28. Rdf1 Qh5 29. Bd4 Ne8 30. Qf8+ 1-0

[Event "Prague Summer op-A 8th"]
[Site "Prague"]
[Date "2021.08.07"]
[Round "2"]
[White "Gimenez Menchon, Cesar"]
[Black "Valenta, Vit"]
[Result "1-0"]
[WhiteElo "2246"]
[BlackElo "2021"]
[PlyCount "41"]
[EventDate "2021.08.06"]
[EventType "swiss"]
[EventRounds "9"]
[EventCountry "CZE"]
[SourceTitle "CBM 203 Extra"]
[Source "ChessBase"]
[SourceDate "2021.09.30"]
[SourceVersion "1"]
[SourceVersionDate "2021.09.30"]
[SourceQuality "1"]

1. e4 e5 2. Nf3 Nc6 3. Nc3 Nf6 4. d4 exd4 5. Nxd4 Bb4 6. Nxc6 bxc6 7. Bd3 d5 8. exd5 cxd5 9. 0-0 0-0 10. h3 h6 11. Qf3 Bd6 12. Nb5 Be5 13. Re1 Re8 14. Bf4 Bxf4 15. Qxf4 Rxe1+ 16. Rxe1 Ne8 17. Nxc7 g5 18. Rxe8+ Qxe8 19. Qf6 Qe1+ 20. Kh2 Rb8 21. Qd8+ 1-0

[Event "Famalicao op 8th"]
[Site "Vila Nova de Famalicao"]
[Date "2021.07.28"]
[Round "6"]
[White "Veiga, Jose Francisco RP"]
[Black "Gimenez Menchon, Cesar"]
[Result "1/2-1/2"]
[WhiteElo "2406"]
[BlackElo "2224"]
[PlyCount "172"]
[EventDate "2021.07.26"]
[EventType "swiss"]
[EventRounds "9"]
[EventCountry "POR"]
[SourceTitle "CBM 203 Extra"]
[Source "ChessBase"]
[SourceDate "2021.09.30"]
[SourceVersion "1"]
[SourceVersionDate "2021.09.30"]
[SourceQuality "1"]

1. e4 d6 2. d4 Nf6 3. Nc3 e5 4. Nf3 Nbd7 5. Bc4 Be7 6. 0-0 0-0 7. Re1 c6 8. a4 h6 9. b3 exd4 10. Nxd4 Ne5 11. Bf1 Re8 12. Bb2 Qa5 13. Qd2 a6 14. Rad1 Bd8 15. Ba3 Bc7 16. Kh1 Bd7 17. h3 b5 18. Bb2 Ng6 19. axb5 axb5 20. Ra1 Qb6 21. Rxa8 Rxa8 22. g3 Re8 23. Bg2 d5 24. Nf5 Bxf5 25. exf5 Ne5 26. Nd1 Ned7 27. Rxe8+ Nxe8 28. c4 bxc4 29. bxc4 Nef6 30. cxd5 cxd5 31. Bxd5 Nxd5 32. Qxd5 Nf6 33. Bxf6 Qxf6 34. Ne3 Qb2 35. Kg2 Bb6 36. Qa8+ Kh7 37. Qb7 Kg8 38. Qa8+ Kh7 39. Qb7 Kg8 40. h4 h5 41. Qa8+ Kh7 42. Qb7 Kg8 43. Nd1 Qe2 44. Qa8+ Kh7 45. Qd5 Kg8 46. Qf3 Qxf3+ 47. Kxf3 g6 48. Ne3 Kg7 49. Nd5 Bd4 50. fxg6 fxg6 51. Ke2 Kf7 52. f4 Ke6 53. Ne3 Bc5 54. Kf3 Bb4 55. Nc2 Bc5 56. Ke4 Bf2 57. Nd4+ Kf6 58. Ne2 Ke6 59. f5+ Kf6 60. fxg6 Kxg6 61. Ke5 Be1 62. Ke6 Bf2 63. Nf4+ Kh6 64. Ne2 Kg6 65. Ke5 Be1 66. Ke4 Bf2 67. Kf3 Be1 68. Nf4+ Kh6 69. Nd3 Ba5 70. Ke4 Kg6 71. Ne5+ Kf6 72. Nd3 Kg6 73. Nf4+ Kh6 74. Ng2 Bc7 75. Ne3 Kg6 76. Kf3 Ba5 77. Ng2 Kh6 78. g4 hxg4+ 79. Kxg4 Bd8 80. h5 Bg5 81. Ne1 Bc1 82. Nf3 Kh7 83. Nh4 Bd2 84. Nf5 Bc1 85. h6 Bxh6 86. Nxh6 Kxh6 1/2-1/2

[Event "Alicante Universitario-ch"]
[Site "Alicante"]
[Date "2019.04.10"]
[Round "7.6"]
[White "Gimenez Menchon, Cesar"]
[Black "Taboas Rodriguez, Daniel"]
[Result "1-0"]
[WhiteElo "2249"]
[BlackElo "2423"]
[PlyCount "117"]
[EventDate "2019.04.09"]
[EventType "swiss"]
[EventRounds "9"]
[EventCountry "ESP"]
[SourceTitle "CBM 190 Extra"]
[Source "ChessBase"]
[SourceDate "2019.07.15"]
[SourceVersion "1"]
[SourceVersionDate "2019.07.15"]
[SourceQuality "1"]

1. e4 e6 2. d4 d5 3. Bd3 dxe4 4. Bxe4 Nf6 5. Bf3 Nbd7 6. Ne2 e5 7. 0-0 Be7 8. Ng3 0-0 9. Nf5 Re8 10. Nxe7+ Qxe7 11. Re1 Qb4 12. c3 Qb6 13. Nd2 exd4 14. Rxe8+ Nxe8 15. Nc4 Qe6 16. Na5 dxc3 17. bxc3 Nd6 18. Bf4 Ne5 19. Bd5 Qf6 20. Qd4 Nd7 21. Re1 Kf8 22. Qe3 Qd8 23. Qf3 Nf6 24. Nxb7 Nxb7 25. Bxb7 Bxb7 26. Qxb7 Qd5 27. Qxc7 Qxa2 28. h3 a5 29. c4 h5 30. Re7 Qb1+ 31. Kh2 Qg6 32. Bd6 Kg8 33. Qb7 Re8 34. c5 Rxe7 35. Qxe7 Qe4 36. Qd8+ Kh7 37. Qxa5 h4 38. Qc7 Qd5 39. Qe7 Kg6 40. Be5 Nd7 41. Qd6+ Qxd6 42. Bxd6 Kf5 43. c6 Nb6 44. c7 g5 45. Be7 Nc8 46. Bd8 Nd6 47. Kg1 Kf4 48. Kf1 f5 49. Ke2 Nc8 50. Kd3 g4 51. Bxh4 gxh3 52. gxh3 Kf3 53. Kd4 Kg2 54. Ke5 Kxh3 55. Bg3 Kg4 56. Bf4 Nb6 57. Be3 Nc8 58. Ke6 f4 59. Bc5 1-0

[Event "Alicante Universitario-ch"]
[Site "Alicante"]
[Date "2019.04.10"]
[Round "8.4"]
[White "Gutierrez Valero, Mario"]
[Black "Gimenez Menchon, Cesar"]
[Result "0-1"]
[WhiteElo "2220"]
[BlackElo "2249"]
[PlyCount "62"]
[EventDate "2019.04.09"]
[EventType "swiss"]
[EventRounds "9"]
[EventCountry "ESP"]
[SourceTitle "CBM 190 Extra"]
[Source "ChessBase"]
[SourceDate "2019.07.15"]
[SourceVersion "1"]
[SourceVersionDate "2019.07.15"]
[SourceQuality "1"]

1. d4 d5 2. Nf3 e6 3. c4 c5 4. cxd5 exd5 5. g3 Nc6 6. Bg2 Nf6 7. 0-0 Be7 8. Nc3 0-0 9. Bg5 c4 10. Ne5 Be6 11. b3 h6 12. Bxf6 Bxf6 13. Nxc6 bxc6 14. bxc4 dxc4 15. e3 Qa5 16. Qd2 Rac8 17. Rfc1 Rfd8 18. Rab1 a6 19. Rb7 c5 20. d5 Bxc3 21. Rxc3 Bxd5 22. Bxd5 Rxd5 23. Qxd5 Qxc3 24. Rxf7 Kh8 25. Rf4 Qa1+ 26. Kg2 c3 27. Qe6 Rg8 28. Qb3 Qb2 29. Qe6 c2 30. Rh4 Qb7+ 31. f3 Rf8 0-1